000 00523nam a2200181Ia 4500
999 _c22481
_d22481
003 OSt
005 20200915120837.0
008 190216s9999||||xx |||||||||||||| ||und||
020 _a8172048378
040 _coclc
082 _a297
_bMUH/S
100 _aMuhammedali, Koottil
_94593
245 0 _aSamskaram Urumbarikkunnu /
_cKoottil Muhammedali
260 _bIslamic Publishing House,
_c2002.
_aKozhikode:
300 _a87p
650 _aIslamic Culture
942 _cBK
_2ddc
_h297
_iMUH/S
_k297
_mMUH/S